| 000 | 00547nam a2200217 a 4500 | ||
|---|---|---|---|
| 001 | 0001-2083 | ||
| 003 | ELIB.Books | ||
| 008 | 190722 2010 eng | ||
| 020 | _a0883446111 | ||
| 092 |
_a261.2 _bLoc |
||
| 100 | _aLochhead, David | ||
| 245 | _aThe Dialogical Imperative | ||
| 260 |
_aNew York _bMaryknoll _c1988 |
||
| 300 |
_a104 _c20cm |
||
| 650 | _aReligions- Relations | ||
| 856 |
_nKBTS Library _uKBTS Elib |
||
| 942 |
_2ddc _cBK |
||
| 990 | _a3 | ||
| 998 |
_aEnglishbooks.elf _ccat _e2019-07-22 |
||
| 999 |
_c12083 _d12083 |
||